Η συμμετοχή των φοιτητών στα United Nations Models 1994-2004
Αποθηκεύτηκε σε:
| Άλλοι συγγραφείς: | |
|---|---|
| Μορφή: | Βιβλίο |
| Γλώσσα: | Greek |
| Δημοσίευση: |
Θεσσαλονίκη :
[χ.ό.],
2006.
|
| Θέματα: | |
| Ετικέτες: |
Προσθήκη ετικέτας
Δεν υπάρχουν, Καταχωρήστε ετικέτα πρώτοι!
|
MARC
| LEADER | 00000cam a2200000 i 4500 | ||
|---|---|---|---|
| 001 | 1/38191 | ||
| 008 | 131112s2006 gr |||||||||||||| ||gre|| | ||
| 035 | |l 10115972 | ||
| 040 | |a GR-MY-UA |b gre |e aacr | ||
| 041 | 0 | |a gre | |
| 082 | 0 | |a 378.4 |2 (22) | |
| 245 | 0 | 2 | |a Η συμμετοχή των φοιτητών στα United Nations Models 1994-2004 / |c πρόλογος-επιμέλεια: Παρούλα Νάσκου-Περράκη ; με τη συμβολή των: Σωτήρη Σέρμπου, Μάγδας Τσακίρη, Αλέξανδρου Ρήγα. |
| 260 | |a Θεσσαλονίκη : |b [χ.ό.], |c 2006. | ||
| 300 | |a 311 σ. ; |b φωτ. : |c 24 εκ. | ||
| 500 | |a Άνω του τίτλου: Πανεπιστήμιο Μακεδονίας-Τμήμα Διεθνών και Ευρωπαϊκών Οικονομικών και Πολιτικών Σπουδών. | ||
| 610 | 2 | 0 | |a United Nations. |
| 650 | 0 | 0 | |a Universities and colleges |x Congresses. |
| 650 | 0 | 0 | |a Universities and colleges |z Greece. |
| 650 | 0 | 0 | |a College students. |
| 700 | 1 | |a Νάσκου-Περράκη, Παρούλα. |4 edt |4 aui | |
| 852 | |a INST |b RHODES |e 20131112 |h 378.4 ΣΥΜ |p 005400035775 |q 005400035775 |t BK |y 0 | ||
| 901 | |a BIBL4-2013-3 | ||
| 909 | |a Ρ |b 182272 | ||
| 922 | |a 4ΕΛΗ | ||
| 970 | |z 2013/11/12 | ||